Revolución ciudadana : (Registro nro. 10367)

Detalles MARC
000 -LEADER
fixed length control field 01594nam a22003017a 4500
005 - DATE AND TIME OF LATEST TRANSACTION
control field 20260410124346.0
007 - PHYSICAL DESCRIPTION FIXED FIELD--GENERAL INFORMATION
fixed length control field ta
008 - FIXED-LENGTH DATA ELEMENTS--GENERAL INFORMATION
fixed length control field 260410b |||||||| ||2022| 0 spag d
020 ## - INTERNATIONAL STANDARD BOOK NUMBER
International Standard Book Number 9789972794438
040 ## - FUENTE DE CATALOGACION
Original cataloging agency pelieoe
Idioma de catalogación spa
Transcribing agency pelieoe
Description conventions spa
050 ## - LIBRARY OF CONGRESS CALL NUMBER
Classification number HN 3473.5
Item number S68 2022
100 1# - MAIN ENTRY--PERSONAL NAME
Personal name Soto Guevara, Martín
9 (RLIN) 16763
Relator term autor
245 10 - TITLE STATEMENT
Title Revolución ciudadana :
Remainder of title la inédita revolución en el Perú y la formación de la nación : camino hacia el progreso y vida digna de todos los peruanos /
Statement of responsibility, etc. Martín Soto Guevara.
250 ## - EDITION STATEMENT
Edition statement Primera edición.
264 ## - PRODUCCION, PUBLICACION, DISTRIBUCION, MANUFACTURA Y NOTA DE COPYRIGHT
Lugar de producción, publicación, distribución, manufactura [Lima] ];
Nombre del productor, editor, distribuidor Fondo Editorial EDUNI, Universidad Nacional de Ingeniería,
Fecha of producción, publicación, distribución 2022
300 ## - PHYSICAL DESCRIPTION
Extent 277 páginas
336 ## - TIPO DE CONTENIDO
Término de tipo de contenido texto
Código de tipo de contenido txt
337 ## - TIPO DE MEDIO
Nombre de tipo de medio sin mediación
Código de tipo de medio n
338 ## - CARRIER TYPE
Source volumen
Carrier type term rdacarrier
504 ## - Nota de bibliografía
Bibliography, etc. note Incluye referencias bibliográficas, páginas 275-277
505 ## - FORMATTED CONTENTS NOTE
Miscellaneous information Volver a vivir, Apuntes y relatos de la historia de la violencia política en Huancavelica: la victoriosa resistencia de las comunidades campesinas -- Cabalgando Hacia el futuro, las 5 marchas cívicas y pacíficas de los Huancavelicanos hasta Lima -- Huellas e hitos, La Revolución Ciudadana en el Perú -- La Revolución Ciudadana, Sus Aportes y Avances a la Formación de la Nación Peruana.
541 ## - IMMEDIATE SOURCE OF ACQUISITION NOTE
Materials specified Libro
650 #0 - SUBJECT ADDED ENTRY--TOPICAL TERM
Topical term or geographic name entry element Movimientos sociales
9 (RLIN) 6125
General subdivision Aspectos políticos -- Historia
Chronological subdivision Siglo XXI
Geographic subdivision Perú
650 #0 - SUBJECT ADDED ENTRY--TOPICAL TERM
Topical term or geographic name entry element Participación política
General subdivision Historia
9 (RLIN) 1627
651 #0 - SUBJECT ADDED ENTRY--GEOGRAPHIC NAME
Geographic name Perú
General subdivision Política y gobierno
9 (RLIN) 3299
Chronological subdivision ]Siglo XXI
651 #0 - SUBJECT ADDED ENTRY--GEOGRAPHIC NAME
Geographic name Perú
General subdivision Condiciones sociales
Chronological subdivision 1968-
9 (RLIN) 1053
942 ## - ADDED ENTRY ELEMENTS (KOHA)
Source of classification or shelving scheme Library of Congress Classification
Koha item type Libros
Edition 2022
Classification part HN
Call number prefix 3473.5
Call number suffix S68
Existencias
Withdrawn status Lost status Source of classification or shelving scheme Damaged status Not for loan Home library Current library Date acquired Source of acquisition Total Checkouts Full call number Barcode Date last seen Copy number Price effective from Koha item type
    Library of Congress Classification     Biblioteca de la Escuela Militar de Chorrillos Crl Francisco Bolognesi Biblioteca de la Escuela Militar de Chorrillos Crl Francisco Bolognesi 01/06/2025 Donación   HN 3473.5 S68 2022 BEMCH26042641 04/10/2026 1 04/10/2026 Libros
Horario de salas de trabajo y ambiente de lectura: Lunes a Domingo 24 horas.
Préstamo de libros: Lunes a Viernes 8:30 - 16:00.